The apprenticeship of a mathematician /
Guardado en:
| Autor Principal: | |
|---|---|
| Formato: | Libro |
| Idioma: | English French |
| Publicado: |
Basel :
Birkhäuser Verlag,
1992.
|
| Materias: | |
| Etiquetas: |
Agregar Etiqueta
Sin Etiquetas, Sea el primero en etiquetar este registro!
|
| LEADER | 00901nam a22002415a 4500 | ||
|---|---|---|---|
| 001 | MAT.inmabb000152 | ||
| 008 | 911017s1992####sz#a##########001#0aeng## | ||
| 005 | 20130208175754.0 | ||
| 245 | 1 | 4 | |a The apprenticeship of a mathematician / |c André Weil ; translated from the French by Jennifer Gage. |
| 260 | |a Basel : |b Birkhäuser Verlag, |c 1992. | ||
| 300 | |a 197 p. : |b il. ; |c 23 cm. | ||
| 500 | |a Publicado originalmente como: Souvenirs d'apprentissage. Basel : Birkhäuser, 1991. | ||
| 500 | |n Existe reseña de S. Mac Lane en Bull. Amer. Math. Soc. (N.S.) 28 (1993), no. 1, 144-147. | ||
| 510 | 4 | |a MR, |c 93j:01015b | |
| 020 | |a 3764326506 | ||
| 020 | |a 0817626506 | ||
| 240 | 1 | 0 | |a Souvenirs d'apprentissage. |l Inglés |
| 100 | 1 | |a Weil, André, |d 1906-1998. | |
| 043 | |a e-fr--- | ||
| 084 | |a 01A70 |2 msc2000 | ||
| 600 | 1 | 0 | |a Weil, André, |d 1906- |
| 041 | 1 | |a eng |h fre | |
| 859 | |h 01A70 |i W422 |p A-7860 |b BIB. MATEMATICA | ||
